000 00653nam a2200217Ia 4500
003 GCL
008 140319s9999 xx 000 0 ara d
040 _aGCL /
_cGCL
082 0 4 _aد
_b050
_bد هـ
245 1 0 _aماذا حدث لفن المصريين ؟ ( الهلال سبتمبر 1998 )
260 _aالقاهرة :
_bدار الهلال للطباعة والنشر ،
_c1998
650 0 4 _aالمسرح
650 0 4 _aالتليفزيون
650 0 4 _aالموسيقى
650 0 4 _aالمجتمع المصرى
650 0 4 _aالفن
650 0 4 _aالسينما
650 0 4 _aالفقر
650 0 4 _aالإنترنت
942 _2ddc
_cCR
999 _c6701
_d6701